| 000 | 00546 a2200205 4500 | ||
|---|---|---|---|
| 005 | 20260310112206.0 | ||
| 008 | 260310b |||||||| |||| 00| 0 eng d | ||
| 020 |
_a9781041195344 _cRs. 1595.00 |
||
| 040 | _aMAIN | ||
| 082 |
_a954.03 _bD999A |
||
| 100 | _aDzuvichu, Lipokmar | ||
| 245 | _aAt the margins of empire: Frontiers and boundaries in British India | ||
| 260 |
_bRoutledge _c2026 _aAbingdon |
||
| 300 | _axvii, 284 | ||
| 650 | _aHistory | ||
| 650 | _aBritish Rule | ||
| 650 | _aIndia | ||
| 700 | _aBaruah, Manjeet | ||
| 942 | _cBK | ||
| 999 |
_c394894 _d394894 |
||